000 00469nam a22001817a 4500
003 NUST - PNEC
005 20170116180752.0
008 150312b xxu||||| |||| 00| 0 eng d
020 _a-
040 _cLIBRARAY
082 _a891.4391 WAS
100 _91754
_aWasif Ali Wasif
245 _aHarf Harf Haqeeqat
_cWasif Ali Wasif
260 _aLahore
_bKashif Publications
_cc1994
300 _a273 p. :
650 _91756
_aUrdu Literature
_xGeneral
942 _2ddc
_cBK
999 _c62585
_d62585